000
00231nam a2200097Ia 4500
001
793667
005
20250826170653.0
008
250824s9999 xx 000 0 und d
245
0
_a
SON KAMELYA
_c
SARAH JIO
260
_b
ARKADYA YAYINLARI
999
_c
793667
_d
793667